<?xml version="1.0" encoding="UTF-8"?>
<record
    xmlns:xsi="http://www.w3.org/2001/XMLSchema-instance"
    xsi:schemaLocation="http://www.loc.gov/MARC21/slim http://www.loc.gov/standards/marcxml/schema/MARC21slim.xsd"
    xmlns="http://www.loc.gov/MARC21/slim">

  <leader>01762nam0a22003251  4500</leader>
  <controlfield tag="001">v19\rc\1678629</controlfield>
  <controlfield tag="005">20260406101004.0</controlfield>
  <datafield tag="035" ind1=" " ind2=" ">
    <subfield code="a">(NLR Aleph) 004784932</subfield>
  </datafield>
  <datafield tag="090" ind1=" " ind2=" ">
    <subfield code="a">4688155</subfield>
    <subfield code="c">4688155</subfield>
  </datafield>
  <datafield tag="100" ind1=" " ind2=" ">
    <subfield code="a">20061002d1895    u  y0rusy50      ca</subfield>
  </datafield>
  <datafield tag="101" ind1="0" ind2=" ">
    <subfield code="a">rus</subfield>
  </datafield>
  <datafield tag="102" ind1=" " ind2=" ">
    <subfield code="a">RU</subfield>
  </datafield>
  <datafield tag="105" ind1=" " ind2=" ">
    <subfield code="a">y   z   |||||</subfield>
  </datafield>
  <datafield tag="200" ind1="1" ind2=" ">
    <subfield code="a">&#x420;&#x430;&#x437;&#x43B;&#x438;&#x447;&#x438;&#x435; &#x432; &#x43C;&#x438;&#x43A;&#x440;&#x43E;&#x441;&#x43A;&#x43E;&#x43F;&#x438;&#x447;&#x435;&#x441;&#x43A;&#x438;&#x445; &#x43A;&#x430;&#x440;&#x442;&#x438;&#x43D;&#x430;&#x445; &#x43B;&#x435;&#x433;&#x43A;&#x438;&#x445; &#x43D;&#x43E;&#x432;&#x43E;&#x440;&#x43E;&#x436;&#x434;&#x435;&#x43D;&#x43D;&#x44B;&#x445; &#x434;&#x435;&#x442;&#x435;&#x439;: &#x430;) &#x434;&#x44B;&#x448;&#x430;&#x432;&#x448;&#x438;&#x445;, &#x431;) &#x43D;&#x435;&#x434;&#x44B;&#x448;&#x430;&#x432;&#x448;&#x438;&#x445;, &#x432;) &#x43D;&#x430;&#x43F;&#x43E;&#x43B;&#x43D;&#x435;&#x43D;&#x43D;&#x44B;&#x445; &#x432;&#x43E;&#x437;&#x434;&#x443;&#x445;&#x43E;&#x43C; &#x447;&#x440;&#x435;&#x437; &#x438;&#x441;&#x43A;&#x443;&#x441;&#x441;&#x442;&#x432;&#x435;&#x43D;&#x43D;&#x43E;&#x435; &#x432;&#x434;&#x443;&#x432;&#x430;&#x43D;&#x438;&#x435; &#x438; &#x433;) &#x440;&#x430;&#x437;&#x434;&#x443;&#x442;&#x44B;&#x445; &#x433;&#x43D;&#x438;&#x43B;&#x43E;&#x441;&#x442;&#x43D;&#x44B;&#x43C;&#x438; &#x433;&#x430;&#x437;&#x430;&#x43C;&#x438;</subfield>
    <subfield code="e">&#x414;&#x438;&#x441;. &#x43D;&#x430; &#x441;&#x442;&#x435;&#x43F;. &#x434;-&#x440;&#x430; &#x43C;&#x435;&#x434;. &#x421;&#x435;&#x440;&#x433;&#x435;&#x44F; &#x412;&#x430;&#x441;&#x438;&#x43B;&#x44C;&#x435;&#x432;&#x438;&#x447;&#x430; &#x412;&#x438;&#x43D;&#x43E;&#x433;&#x440;&#x430;&#x434;&#x441;&#x43A;&#x43E;&#x433;&#x43E;</subfield>
    <subfield code="f">&#x418;&#x437; &#x421;&#x443;&#x434;&#x435;&#x431;&#x43D;&#x43E;-&#x43C;&#x435;&#x434;. &#x43B;&#x430;&#x431;. &#x430;&#x43A;&#x430;&#x434;. &#x41D;.&#x41F;. &#x418;&#x432;&#x430;&#x43D;&#x43E;&#x432;&#x441;&#x43A;&#x43E;&#x433;&#x43E;</subfield>
  </datafield>
  <datafield tag="210" ind1=" " ind2=" ">
    <subfield code="a">&#x421;&#x430;&#x43D;&#x43A;&#x442;-&#x41F;&#x435;&#x442;&#x435;&#x440;&#x431;&#x443;&#x440;&#x433;</subfield>
    <subfield code="c">&#x442;&#x438;&#x43F;. &#x410;.&#x421;. &#x425;&#x43E;&#x43C;&#x441;&#x43A;&#x43E;&#x433;&#x43E;</subfield>
    <subfield code="d">1895</subfield>
  </datafield>
  <datafield tag="215" ind1=" " ind2=" ">
    <subfield code="a">32, [7] &#x441;.</subfield>
    <subfield code="d">23</subfield>
  </datafield>
  <datafield tag="225" ind1="1" ind2=" ">
    <subfield code="a">&#x421;&#x435;&#x440;&#x438;&#x44F; &#x434;&#x438;&#x441;&#x441;&#x435;&#x440;&#x442;&#x430;&#x446;&#x438;&#x439;, &#x434;&#x43E;&#x43F;&#x443;&#x449;&#x435;&#x43D;&#x43D;&#x44B;&#x445; &#x43A; &#x437;&#x430;&#x449;&#x438;&#x442;&#x435; &#x432; &#x418;&#x43C;&#x43F;&#x435;&#x440;&#x430;&#x442;&#x43E;&#x440;&#x441;&#x43A;&#x43E;&#x439; &#x412;&#x43E;&#x435;&#x43D;&#x43D;&#x43E;-&#x43C;&#x435;&#x434;&#x438;&#x446;&#x438;&#x43D;&#x441;&#x43A;&#x43E;&#x439; &#x430;&#x43A;&#x430;&#x434;&#x435;&#x43C;&#x438;&#x438; &#x432; 1895-1896 &#x443;&#x447;&#x435;&#x431;&#x43D;&#x43E;&#x43C; &#x433;&#x43E;&#x434;&#x443;</subfield>
    <subfield code="v">&#x2116; 15</subfield>
  </datafield>
  <datafield tag="320" ind1=" " ind2=" ">
    <subfield code="a">&#x411;&#x438;&#x431;&#x43B;&#x438;&#x43E;&#x433;&#x440;.: 57 &#x43D;&#x430;&#x437;&#x432;.</subfield>
  </datafield>
  <datafield tag="700" ind1=" " ind2="1">
    <subfield code="7">ca</subfield>
    <subfield code="8">rus</subfield>
    <subfield code="a">&#x412;&#x438;&#x43D;&#x43E;&#x433;&#x440;&#x430;&#x434;&#x441;&#x43A;&#x438;&#x439;</subfield>
    <subfield code="b">&#x421;. &#x412;.</subfield>
    <subfield code="f">1859-1931</subfield>
    <subfield code="g">&#x421;&#x435;&#x440;&#x433;&#x435;&#x439; &#x412;&#x430;&#x441;&#x438;&#x43B;&#x44C;&#x435;&#x432;&#x438;&#x447;</subfield>
    <subfield code="3">RU\NLR\AUTH\770289539</subfield>
    <subfield code="9">2695554</subfield>
  </datafield>
  <datafield tag="702" ind1=" " ind2="1">
    <subfield code="4">570</subfield>
    <subfield code="7">ca</subfield>
    <subfield code="8">rus</subfield>
    <subfield code="a">&#x418;&#x432;&#x430;&#x43D;&#x43E;&#x432;&#x441;&#x43A;&#x438;&#x439;</subfield>
    <subfield code="b">&#x41D;. &#x41F;.</subfield>
    <subfield code="f">1843-1912</subfield>
    <subfield code="g">&#x41D;&#x438;&#x43A;&#x43E;&#x43B;&#x430;&#x439; &#x41F;&#x435;&#x442;&#x440;&#x43E;&#x432;&#x438;&#x447;</subfield>
    <subfield code="9">222675</subfield>
    <subfield code="3">RU\NLR\AUTH\770222731</subfield>
  </datafield>
  <datafield tag="801" ind1=" " ind2="0">
    <subfield code="a">RU</subfield>
    <subfield code="b">NLR</subfield>
    <subfield code="g">psbo</subfield>
  </datafield>
  <datafield tag="801" ind1=" " ind2="0">
    <subfield code="a">RU</subfield>
    <subfield code="b">RuMoRGB</subfield>
    <subfield code="2">psbo</subfield>
  </datafield>
  <datafield tag="801" ind1=" " ind2="1">
    <subfield code="a">RU</subfield>
    <subfield code="b">ProSoft-M</subfield>
    <subfield code="2">rusmarc</subfield>
  </datafield>
  <datafield tag="852" ind1=" " ind2=" ">
    <subfield code="a">NLR</subfield>
    <subfield code="j">18.309.6.844</subfield>
  </datafield>
  <datafield tag="899" ind1=" " ind2=" ">
    <subfield code="a">RuMoRGB</subfield>
    <subfield code="j">A 238/1178</subfield>
  </datafield>
  <datafield tag="899" ind1=" " ind2=" ">
    <subfield code="a">RuMoRGB</subfield>
    <subfield code="j">A 158/1157</subfield>
  </datafield>
  <datafield tag="899" ind1=" " ind2=" ">
    <subfield code="a">RuMoRGB</subfield>
    <subfield code="j">A 158/1165</subfield>
  </datafield>
  <datafield tag="899" ind1=" " ind2=" ">
    <subfield code="a">&#x411;&#x410;&#x41D;</subfield>
  </datafield>
  <datafield tag="942" ind1=" " ind2=" ">
    <subfield code="c">BOOK</subfield>
  </datafield>
  <datafield tag="980" ind1=" " ind2=" ">
    <subfield code="a">NB</subfield>
  </datafield>
  <datafield tag="995" ind1=" " ind2=" ">
    <subfield code="5">2013-10-26</subfield>
    <subfield code="b">NLR02</subfield>
    <subfield code="c">NLR02</subfield>
    <subfield code="e">RFS</subfield>
    <subfield code="f">4784932-10</subfield>
    <subfield code="k">18.309.6.844</subfield>
    <subfield code="o">0</subfield>
    <subfield code="r">BOOK</subfield>
    <subfield code="s">183096844_</subfield>
  </datafield>
  <datafield tag="995" ind1=" " ind2=" ">
    <subfield code="5">2013-10-26</subfield>
    <subfield code="b">NLR01</subfield>
    <subfield code="c">NLR01</subfield>
    <subfield code="e">TEMP</subfield>
    <subfield code="f">4784932-50</subfield>
    <subfield code="o">0</subfield>
    <subfield code="r">BOOK</subfield>
  </datafield>
</record>
